Loading...
| Literature - European | 0 | 5 | 1 | 0 | 45 | 90 | 116.20 | 0 | 1 | 7.93 | 20.17 |
| Literature - World | 0 | 4 | 0 | 0 | 40 | 97 | 110.75 | 0 | 0 | 7.33 | 15.17 |
| Science - Physics | 0 | 3 | 0 | 0 | 30 | 58 | 86.33 | 0 | 1 | 9.05 | 16.33 |
| Literature - American | 0 | 3 | 0 | 0 | 30 | 94 | 115.00 | 0 | 0 | 5.48 | 11.50 |
| Philosophy | 0 | 3 | 1 | 0 | 25 | 74 | 93.00 | 0 | 1 | 6.50 | 13.00 |
| Literature - British | 0 | 3 | 2 | 0 | 20 | 39 | 44.00 | 0 | 3 | 20.36 | 21.67 |
| Science - Chemistry | 0 | 2 | 0 | 1 | 20 | 103 | 110.00 | 0 | 0 | 1.71 | 6.67 |
| Religion | 0 | 2 | 1 | 2 | 15 | 118 | 125.50 | 0 | 0 | 0.16 | 8.00 |
| Fine Arts - Painting and Sculpture | 0 | 2 | 1 | 0 | 15 | 89 | 107.00 | 0 | 2 | 3.05 | 14.33 |
| Fine Arts - Other | 0 | 1 | 0 | 0 | 10 | 117 | 117.00 | 0 | 0 | 0.08 | 2.50 |
| Current Events | 0 | 1 | 0 | 1 | 10 | 113 | 113.00 | 0 | 0 | 4.13 | 8.33 |
| Popular Culture | 0 | 1 | 0 | 0 | 10 | 54 | 54.00 | 0 | 1 | 20.29 | 27.78 |
| Science - Biology | 0 | 1 | 0 | 1 | 10 | 105 | 105.00 | 0 | 0 | 0.09 | 1.67 |
| History - Other | 0 | 1 | 1 | 0 | 5 | 89 | 89.00 | 0 | 0 | 3.41 | 4.17 |
| History - American | 0 | 0 | 0 | 0 | 0 | 0.00 | 0 | 0 | 0.00 | 0.00 | |
| History - World | 0 | 0 | 2 | 0 | -10 | 0.00 | 0 | 0 | 0.00 | 0.00 | |
| Science - Other | 0 | 0 | 2 | 0 | -10 | 0.00 | 0 | 0 | 0.00 | 0.00 |